000
00316nam a2200133Ia 4500
005
20260328104327.0
008
260328s9999||||xx |||||||||||||| ||und||
100
_a
Braga, Milton
245
0
_a
O Concurso de BrasÃlia /
_c
Milton Braga
260
_b
Cosac Naify
300
_a
287 p.
650
_a
BRAZIL
942
_c
BK
999
_c
11577
_d
11577